Responsabilidad penal de las personas jurídicas, el compliance y la delegación reglamentaria (Registro nro. 12391)

Detalles MARC
000 -LEADER
fixed length control field 00395 a2200121 4500
001 - CONTROL NUMBER
control field ART_46931
005 - DATE AND TIME OF LATEST TRANSACTION
control field 20260410161630.0
008 - FIXED-LENGTH DATA ELEMENTS--GENERAL INFORMATION
fixed length control field 260409a
100 1# - MAIN ENTRY--PERSONAL NAME
Personal name Ferraro, Ricardo H.
245 10 - TITLE STATEMENT
Title Responsabilidad penal de las personas jurídicas, el compliance y la delegación reglamentaria
700 1# - ADDED ENTRY--PERSONAL NAME
Personal name Santacruz, Lidia M.
773 0# - HOST ITEM ENTRY
Title Enfoques
Related parts - N°7 (jul. 2018)
Record control number REV416

No hay ítems disponibles.